000 00565nam a2200193Ii 4500
003 JO-AjNU
008 230605s9999||||xx |||||||||||||| ||und||
040 _aJO-AjNU
_bara
_erda
_cJO-AjNU
041 _aara
050 1 4 _aBF503.M87
100 3 _aفهمي، مصطفى,
_eauthor
_940499
245 0 0 _aالدوافع النفسية
264 3 1 _aالقاهرة:مكتبة مصر،د.ت
300 _a295ص
336 _atext
_btxt
_2rdacontent
337 _aunmediated
_bn
_2rdamedia
338 _avolume
_bnc
_2rdacarrier
650 4 _aدوافع-غرائز
_940500
999 _aA17192
_c20760
_d20760